|
|
|
|
| LEADER |
00000nam2a2200000 4500 |
| 001 |
262334 |
| 005 |
20251230132207.0 |
| 035 |
|
|
|a (RuTPU)RU\TPU\book\285317
|
| 035 |
|
|
|a RU\TPU\book\76577
|
| 090 |
|
|
|a 262334
|
| 100 |
|
|
|a 20140530d1962 m y0rusy50 ca
|
| 101 |
0 |
|
|a rus
|
| 102 |
|
|
|a RU
|
| 105 |
|
|
|a a j 000zy
|
| 200 |
0 |
|
|a Вып. 2
|
| 210 |
|
|
|d 1962
|
| 215 |
|
|
|a 163 с.
|c ил.
|
| 461 |
|
1 |
|0 (RuTPU)RU\TPU\book\76577
|t Общая геология
|o курс лекций
|f О. К. Ланге, М. Ф. Иванова
|g Московский государственный университет им. М. В. Ломоносова, Научно-методический кабинет по заочному и вечернему обучению ; под ред. О. К. Ланге
|v Вып. 2
|d 1961-
|
| 606 |
|
|
|a Геология общая
|9 89097
|
| 610 |
1 |
|
|a земная кора
|
| 610 |
1 |
|
|a эндогенные процессы
|
| 610 |
1 |
|
|a вулканы
|
| 610 |
1 |
|
|a тектонические движения
|
| 610 |
1 |
|
|a история
|
| 610 |
1 |
|
|a геологические карты
|
| 610 |
1 |
|
|a лекции
|
| 610 |
1 |
|
|a учебные пособия
|
| 675 |
|
|
|a 55
|v 3
|
| 801 |
|
1 |
|a RU
|b 63413507
|c 20041227
|g PSBO
|
| 801 |
|
2 |
|a RU
|b 63413507
|c 20221124
|g PSBO
|
| 942 |
|
|
|c BK
|